000 02138nam a2200373 c 4500
999 _c152856
_d152856
003 BLK
005 20221208030905.0
008 180410b bul|||||r ||||||| ||bul||
010 _aKNG00159375000
040 _aBLK
041 _aBUL
_cBUL
080 _aСтатистиката като наука. Теория на статистиката
_b311
_x(075.8)
_z311(075.8)
080 _aСтатистиката като наука. Теория на статистиката
_b311
_x:338.4(075.8)
_z311:338.4(075.8)
080 _aСтатистиката като наука. Теория на статистиката
_b311
_x:69(075.8)
_z311:69(075.8)
139 _aСтатистика на промишлеността и капиталното строителство
_bС 73
245 1 0 _aСтатистика на промишлеността и капиталното строителство
_bС основи на общата теория на статистиката : Учебник за III и IV курс на икон. техникуми, спец. икономика, планиране и отчетност на промишлеността и строителството
_cРумен Д. Янакиев.
250 _a3. изд.
257 _aBGR
260 _aСофия
_bНаука и изкуство
_c1975
_fПлевен : Ал. Пъшев
300 _a372 с.
_bс табл.
_c22 см
380 _a3
500 _aДруги авт.: В. Цонев, А. Аврамов, Д. Мичев, Б. Чакалов, Т. Къналиев. - 1. изд. 1969. - 20 073 тир.
650 4 _aСтатистика - икономическа
_9331879
650 4 _aСтатистика, строителна
_9289416
653 _aстатистика
653 _aикономика
653 _aстроителство
700 _aЯнакиев, Румен Димов
_eсъавт.
_91445
852 _aЦб 76873
_bЦб
856 4 _qpdf
856 4 _qpdf
942 _cKNG
_n0
_s1
944 _aCR
_c08.04.2014
_l08.04.2014 - от С1,Р / 08.04.2014
_kГрета_Цуфелде
944 _aED
_c08.04.2014
_l08.04.2014 - от С1,Р / 08.04.2014
999 _d152856